<?xml version="1.0" encoding="UTF-8"?>
<record
    xmlns:xsi="http://www.w3.org/2001/XMLSchema-instance"
    xsi:schemaLocation="http://www.loc.gov/MARC21/slim http://www.loc.gov/standards/marcxml/schema/MARC21slim.xsd"
    xmlns="http://www.loc.gov/MARC21/slim">

  <leader>02308nam a22003977a 4500</leader>
  <datafield tag="952" ind1=" " ind2=" ">
    <subfield code="0">0</subfield>
    <subfield code="1">0</subfield>
    <subfield code="4">0</subfield>
    <subfield code="7">0</subfield>
    <subfield code="a">18</subfield>
    <subfield code="b">18</subfield>
    <subfield code="d">2016-08-12</subfield>
    <subfield code="l">0</subfield>
    <subfield code="o">HD31 M85</subfield>
    <subfield code="p">18 003447</subfield>
    <subfield code="r">2016-08-12</subfield>
    <subfield code="t">1</subfield>
    <subfield code="w">2016-08-12</subfield>
    <subfield code="y">LB</subfield>
  </datafield>
  <datafield tag="952" ind1=" " ind2=" ">
    <subfield code="0">0</subfield>
    <subfield code="1">0</subfield>
    <subfield code="4">0</subfield>
    <subfield code="7">0</subfield>
    <subfield code="a">11</subfield>
    <subfield code="b">11</subfield>
    <subfield code="d">2016-09-14</subfield>
    <subfield code="l">0</subfield>
    <subfield code="o">HD31 M85 </subfield>
    <subfield code="p">11 013151</subfield>
    <subfield code="r">2016-09-14</subfield>
    <subfield code="t">1</subfield>
    <subfield code="w">2016-09-14</subfield>
    <subfield code="y">LB</subfield>
  </datafield>
  <datafield tag="952" ind1=" " ind2=" ">
    <subfield code="0">0</subfield>
    <subfield code="1">0</subfield>
    <subfield code="2">lcc</subfield>
    <subfield code="4">0</subfield>
    <subfield code="7">0</subfield>
    <subfield code="a">09</subfield>
    <subfield code="b">09</subfield>
    <subfield code="d">2017-02-09</subfield>
    <subfield code="l">0</subfield>
    <subfield code="o">HD31 M85</subfield>
    <subfield code="p">09 004451</subfield>
    <subfield code="r">2017-02-09</subfield>
    <subfield code="t">1</subfield>
    <subfield code="w">2017-02-09</subfield>
    <subfield code="y">LB</subfield>
  </datafield>
  <datafield tag="952" ind1=" " ind2=" ">
    <subfield code="0">0</subfield>
    <subfield code="1">0</subfield>
    <subfield code="2">lcc</subfield>
    <subfield code="4">0</subfield>
    <subfield code="7">0</subfield>
    <subfield code="a">09</subfield>
    <subfield code="b">09</subfield>
    <subfield code="d">2017-05-27</subfield>
    <subfield code="l">1</subfield>
    <subfield code="o">HD31 M85</subfield>
    <subfield code="p">09 004657</subfield>
    <subfield code="r">2017-08-28</subfield>
    <subfield code="s">2017-08-25</subfield>
    <subfield code="t">1</subfield>
    <subfield code="w">2017-05-27</subfield>
    <subfield code="y">LB</subfield>
  </datafield>
  <datafield tag="952" ind1=" " ind2=" ">
    <subfield code="0">0</subfield>
    <subfield code="1">0</subfield>
    <subfield code="2">lcc</subfield>
    <subfield code="4">0</subfield>
    <subfield code="7">0</subfield>
    <subfield code="a">12</subfield>
    <subfield code="b">12</subfield>
    <subfield code="d">2017-10-05</subfield>
    <subfield code="l">0</subfield>
    <subfield code="o">HD31 M85</subfield>
    <subfield code="p">24 000172</subfield>
    <subfield code="r">2023-09-22</subfield>
    <subfield code="t">1</subfield>
    <subfield code="w">2017-10-05</subfield>
    <subfield code="y">LB</subfield>
  </datafield>
  <datafield tag="952" ind1=" " ind2=" ">
    <subfield code="0">0</subfield>
    <subfield code="1">0</subfield>
    <subfield code="4">0</subfield>
    <subfield code="7">0</subfield>
    <subfield code="a">07</subfield>
    <subfield code="b">07</subfield>
    <subfield code="d">2017-10-31</subfield>
    <subfield code="l">1</subfield>
    <subfield code="o">HD31 M85</subfield>
    <subfield code="p">07 006238</subfield>
    <subfield code="r">2019-08-13</subfield>
    <subfield code="s">2019-08-13</subfield>
    <subfield code="t">1</subfield>
    <subfield code="w">2017-10-31</subfield>
    <subfield code="y">LB</subfield>
  </datafield>
  <datafield tag="952" ind1=" " ind2=" ">
    <subfield code="0">0</subfield>
    <subfield code="1">0</subfield>
    <subfield code="4">0</subfield>
    <subfield code="7">0</subfield>
    <subfield code="a">03</subfield>
    <subfield code="b">03</subfield>
    <subfield code="d">2017-12-01</subfield>
    <subfield code="l">0</subfield>
    <subfield code="o">HD31 M85</subfield>
    <subfield code="p">03 009669</subfield>
    <subfield code="r">2017-12-01</subfield>
    <subfield code="t">1</subfield>
    <subfield code="w">2017-12-01</subfield>
    <subfield code="y">LB</subfield>
  </datafield>
  <datafield tag="952" ind1=" " ind2=" ">
    <subfield code="0">0</subfield>
    <subfield code="1">0</subfield>
    <subfield code="4">0</subfield>
    <subfield code="7">0</subfield>
    <subfield code="a">08</subfield>
    <subfield code="b">08</subfield>
    <subfield code="d">2018-01-29</subfield>
    <subfield code="l">0</subfield>
    <subfield code="o">HD31 M85</subfield>
    <subfield code="p">08 006455</subfield>
    <subfield code="r">2018-01-29</subfield>
    <subfield code="t">1</subfield>
    <subfield code="w">2018-01-29</subfield>
    <subfield code="y">LB</subfield>
  </datafield>
  <datafield tag="952" ind1=" " ind2=" ">
    <subfield code="0">0</subfield>
    <subfield code="1">0</subfield>
    <subfield code="4">0</subfield>
    <subfield code="7">0</subfield>
    <subfield code="a">06</subfield>
    <subfield code="b">06</subfield>
    <subfield code="d">2018-02-19</subfield>
    <subfield code="l">0</subfield>
    <subfield code="o">HD31 M85</subfield>
    <subfield code="p">06 003739</subfield>
    <subfield code="r">2018-02-19</subfield>
    <subfield code="t">1</subfield>
    <subfield code="w">2018-02-19</subfield>
    <subfield code="y">LB</subfield>
  </datafield>
  <datafield tag="952" ind1=" " ind2=" ">
    <subfield code="0">0</subfield>
    <subfield code="1">0</subfield>
    <subfield code="4">0</subfield>
    <subfield code="7">0</subfield>
    <subfield code="a">03</subfield>
    <subfield code="b">03</subfield>
    <subfield code="d">2018-06-22</subfield>
    <subfield code="l">0</subfield>
    <subfield code="o">HD31 M85</subfield>
    <subfield code="p">03 009791</subfield>
    <subfield code="r">2018-06-22</subfield>
    <subfield code="t">2</subfield>
    <subfield code="w">2018-06-22</subfield>
    <subfield code="y">LB</subfield>
  </datafield>
  <datafield tag="952" ind1=" " ind2=" ">
    <subfield code="0">0</subfield>
    <subfield code="1">0</subfield>
    <subfield code="4">0</subfield>
    <subfield code="7">0</subfield>
    <subfield code="a">22</subfield>
    <subfield code="b">22</subfield>
    <subfield code="d">2018-07-18</subfield>
    <subfield code="l">0</subfield>
    <subfield code="o">HD31 M85</subfield>
    <subfield code="p">22 001870</subfield>
    <subfield code="r">2018-07-18</subfield>
    <subfield code="t">1</subfield>
    <subfield code="w">2018-07-18</subfield>
    <subfield code="y">LB</subfield>
  </datafield>
  <datafield tag="952" ind1=" " ind2=" ">
    <subfield code="0">0</subfield>
    <subfield code="1">0</subfield>
    <subfield code="4">0</subfield>
    <subfield code="7">0</subfield>
    <subfield code="a">12</subfield>
    <subfield code="b">12</subfield>
    <subfield code="d">2018-07-19</subfield>
    <subfield code="l">2</subfield>
    <subfield code="o">HD31 M85</subfield>
    <subfield code="p">12 004517</subfield>
    <subfield code="r">2023-01-23</subfield>
    <subfield code="s">2023-01-23</subfield>
    <subfield code="t">1</subfield>
    <subfield code="w">2018-07-19</subfield>
    <subfield code="y">LB</subfield>
  </datafield>
  <datafield tag="952" ind1=" " ind2=" ">
    <subfield code="0">0</subfield>
    <subfield code="1">0</subfield>
    <subfield code="4">0</subfield>
    <subfield code="7">0</subfield>
    <subfield code="a">20</subfield>
    <subfield code="b">20</subfield>
    <subfield code="d">2018-07-24</subfield>
    <subfield code="l">1</subfield>
    <subfield code="o">HD31 M85</subfield>
    <subfield code="p">20 003851</subfield>
    <subfield code="r">2019-01-26</subfield>
    <subfield code="s">2019-01-26</subfield>
    <subfield code="t">1</subfield>
    <subfield code="w">2018-07-24</subfield>
    <subfield code="y">LB</subfield>
  </datafield>
  <datafield tag="952" ind1=" " ind2=" ">
    <subfield code="0">0</subfield>
    <subfield code="1">0</subfield>
    <subfield code="4">0</subfield>
    <subfield code="7">0</subfield>
    <subfield code="a">09</subfield>
    <subfield code="b">09</subfield>
    <subfield code="d">2018-07-26</subfield>
    <subfield code="l">0</subfield>
    <subfield code="o">HD31 M85</subfield>
    <subfield code="p">09 004878</subfield>
    <subfield code="r">2018-07-26</subfield>
    <subfield code="t">3</subfield>
    <subfield code="w">2018-07-26</subfield>
    <subfield code="y">LB</subfield>
  </datafield>
  <datafield tag="952" ind1=" " ind2=" ">
    <subfield code="0">0</subfield>
    <subfield code="1">0</subfield>
    <subfield code="4">0</subfield>
    <subfield code="7">0</subfield>
    <subfield code="a">18</subfield>
    <subfield code="b">18</subfield>
    <subfield code="d">2018-08-07</subfield>
    <subfield code="l">0</subfield>
    <subfield code="o">HD31 M85</subfield>
    <subfield code="p">18 004728</subfield>
    <subfield code="r">2018-08-07</subfield>
    <subfield code="t">2</subfield>
    <subfield code="w">2018-08-07</subfield>
    <subfield code="y">LB</subfield>
  </datafield>
  <datafield tag="952" ind1=" " ind2=" ">
    <subfield code="0">0</subfield>
    <subfield code="1">0</subfield>
    <subfield code="4">0</subfield>
    <subfield code="7">0</subfield>
    <subfield code="a">14</subfield>
    <subfield code="b">14</subfield>
    <subfield code="d">2018-08-30</subfield>
    <subfield code="l">0</subfield>
    <subfield code="o">HD31 M85</subfield>
    <subfield code="p">14 007204</subfield>
    <subfield code="r">2018-08-30</subfield>
    <subfield code="t">1</subfield>
    <subfield code="w">2018-08-30</subfield>
    <subfield code="y">LB</subfield>
  </datafield>
  <datafield tag="952" ind1=" " ind2=" ">
    <subfield code="0">0</subfield>
    <subfield code="1">0</subfield>
    <subfield code="2">lcc</subfield>
    <subfield code="4">0</subfield>
    <subfield code="7">0</subfield>
    <subfield code="a">04</subfield>
    <subfield code="b">04</subfield>
    <subfield code="d">2018-09-10</subfield>
    <subfield code="l">0</subfield>
    <subfield code="o">HD31 M85</subfield>
    <subfield code="p">04 006880</subfield>
    <subfield code="r">2018-09-10</subfield>
    <subfield code="t">1</subfield>
    <subfield code="w">2018-09-10</subfield>
    <subfield code="y">LB</subfield>
  </datafield>
  <datafield tag="952" ind1=" " ind2=" ">
    <subfield code="0">0</subfield>
    <subfield code="1">0</subfield>
    <subfield code="2">lcc</subfield>
    <subfield code="4">0</subfield>
    <subfield code="7">0</subfield>
    <subfield code="a">21</subfield>
    <subfield code="b">21</subfield>
    <subfield code="d">2019-04-04</subfield>
    <subfield code="l">0</subfield>
    <subfield code="o">HD31 M85</subfield>
    <subfield code="p">21 004174</subfield>
    <subfield code="r">2019-04-04</subfield>
    <subfield code="t">1</subfield>
    <subfield code="w">2019-04-04</subfield>
    <subfield code="y">LB</subfield>
  </datafield>
  <datafield tag="952" ind1=" " ind2=" ">
    <subfield code="0">0</subfield>
    <subfield code="1">0</subfield>
    <subfield code="2">lcc</subfield>
    <subfield code="4">0</subfield>
    <subfield code="7">0</subfield>
    <subfield code="a">21</subfield>
    <subfield code="b">21</subfield>
    <subfield code="d">2019-04-04</subfield>
    <subfield code="l">0</subfield>
    <subfield code="o">HD31 M85</subfield>
    <subfield code="p">21 004175</subfield>
    <subfield code="r">2019-04-04</subfield>
    <subfield code="t">2</subfield>
    <subfield code="w">2019-04-04</subfield>
    <subfield code="y">LB</subfield>
  </datafield>
  <datafield tag="999" ind1=" " ind2=" ">
    <subfield code="c">100606</subfield>
    <subfield code="d">100606</subfield>
  </datafield>
  <controlfield tag="005">20231102151951.0</controlfield>
  <controlfield tag="008">160812s2015    mx do||fr|||| 00| 0 spa d</controlfield>
  <datafield tag="020" ind1=" " ind2=" ">
    <subfield code="a">9786073232166</subfield>
  </datafield>
  <datafield tag="050" ind1="0" ind2="4">
    <subfield code="a">HD31</subfield>
    <subfield code="b">M85</subfield>
  </datafield>
  <datafield tag="100" ind1="1" ind2=" ">
    <subfield code="a">M&#xFC;nch Galindo, Lourdes</subfield>
    <subfield code="e">autor</subfield>
  </datafield>
  <datafield tag="245" ind1="1" ind2="0">
    <subfield code="a">Manejo del proceso administrativo</subfield>
    <subfield code="c">/ Lourdes M&#xFC;nch Galindo</subfield>
  </datafield>
  <datafield tag="260" ind1=" " ind2=" ">
    <subfield code="a">M&#xE9;xico</subfield>
    <subfield code="b">: Pearson Educaci&#xF3;n</subfield>
    <subfield code="c">, 2015</subfield>
  </datafield>
  <datafield tag="300" ind1=" " ind2=" ">
    <subfield code="a">x, 97 p&#xE1;ginas</subfield>
    <subfield code="b">: ilustraciones, gr&#xE1;ficas</subfield>
    <subfield code="c">; 26 cm.</subfield>
  </datafield>
  <datafield tag="504" ind1=" " ind2=" ">
    <subfield code="a">Bibliograf&#xED;a (p. 97)</subfield>
  </datafield>
  <datafield tag="505" ind1=" " ind2=" ">
    <subfield code="a">Fase mec&#xE1;nica o estructural del proceso administrativo.
Fase din&#xE1;mica u operativa del proceso administrativo.
</subfield>
  </datafield>
  <datafield tag="519" ind1=" " ind2=" ">
    <subfield code="a">Educaci&#xF3;n Mixta / </subfield>
    <subfield code="b">Contadur&#xED;a / </subfield>
    <subfield code="c">Proceso Administrativo (B15-1) / </subfield>
    <subfield code="d">(18 003447, 18 004728)</subfield>
  </datafield>
  <datafield tag="519" ind1=" " ind2=" ">
    <subfield code="a">Plan Flexible / </subfield>
    <subfield code="b">Mercadotecnia Digital / </subfield>
    <subfield code="c">Proceso Administrativo (B05-1) / </subfield>
    <subfield code="d">(09 004451)</subfield>
  </datafield>
  <datafield tag="519" ind1=" " ind2=" ">
    <subfield code="a">Plan Flexible / </subfield>
    <subfield code="b">Mercadotecnia Digital / </subfield>
    <subfield code="c">Proceso Administrativo (B05-1) / </subfield>
    <subfield code="d">(06 003739)</subfield>
  </datafield>
  <datafield tag="519" ind1=" " ind2=" ">
    <subfield code="a">Plan Flexible / </subfield>
    <subfield code="b">Mercadotecnia Digital / </subfield>
    <subfield code="c">Proceso Administrativo (B05-1) / </subfield>
    <subfield code="d">(08 006455)</subfield>
  </datafield>
  <datafield tag="519" ind1=" " ind2=" ">
    <subfield code="a">Plan Flexible / </subfield>
    <subfield code="b">Mercadotecnia Digital / </subfield>
    <subfield code="c">Proceso Administrativo (B05-1) / </subfield>
    <subfield code="d">(07 006238)</subfield>
  </datafield>
  <datafield tag="519" ind1=" " ind2=" ">
    <subfield code="a">Plan Flexible / </subfield>
    <subfield code="b">Mercadotecnia Digital / </subfield>
    <subfield code="c">Proceso Administrativo (B05-1) / </subfield>
    <subfield code="d">(03 009669)</subfield>
  </datafield>
  <datafield tag="519" ind1=" " ind2=" ">
    <subfield code="a">Educaci&#xF3;n Mixta / </subfield>
    <subfield code="b">Contadur&#xED;a / </subfield>
    <subfield code="c">Proceso Administrativo (B05) / </subfield>
    <subfield code="d">(09 004457)</subfield>
  </datafield>
  <datafield tag="519" ind1=" " ind2=" ">
    <subfield code="a">Plan Flexible / </subfield>
    <subfield code="b">Inform&#xE1;tica / </subfield>
    <subfield code="c">Proceso Administrativo (LI12-2) / </subfield>
    <subfield code="d">(24 000172)</subfield>
  </datafield>
  <datafield tag="519" ind1=" " ind2=" ">
    <subfield code="a">Material Complementario /</subfield>
    <subfield code="d">(03 009791)</subfield>
  </datafield>
  <datafield tag="519" ind1=" " ind2=" ">
    <subfield code="a">Plan UNAM /</subfield>
    <subfield code="b">Colegio de Ciencias y Humanidades /</subfield>
    <subfield code="c">Administraci&#xF3;n I (1509) / </subfield>
    <subfield code="d">(21 004174, 21 004175)
</subfield>
  </datafield>
  <datafield tag="519" ind1=" " ind2=" ">
    <subfield code="a">Material Complementario /</subfield>
    <subfield code="d">(22 001870)</subfield>
  </datafield>
  <datafield tag="519" ind1=" " ind2=" ">
    <subfield code="a">Material Complementario /</subfield>
    <subfield code="d">(12 004517)</subfield>
  </datafield>
  <datafield tag="519" ind1=" " ind2=" ">
    <subfield code="a">Material Complementario /</subfield>
    <subfield code="d">(20 003851)</subfield>
  </datafield>
  <datafield tag="519" ind1=" " ind2=" ">
    <subfield code="a">Material Complementario /</subfield>
    <subfield code="d">(09 004878)</subfield>
  </datafield>
  <datafield tag="519" ind1=" " ind2=" ">
    <subfield code="a">Material Complementario /</subfield>
    <subfield code="d">(14 007204)</subfield>
  </datafield>
  <datafield tag="519" ind1=" " ind2=" ">
    <subfield code="a">Plan Flexible /</subfield>
    <subfield code="b">Mercadotecnia Digital /</subfield>
    <subfield code="c">Proceso Administrativo (B05-1) /</subfield>
    <subfield code="d">(04 006880)</subfield>
  </datafield>
  <datafield tag="650" ind1="1" ind2="4">
    <subfield code="a">ADMINISTRACI&#xD3;N INDUSTRIAL</subfield>
    <subfield code="x">NEGOCIOS</subfield>
  </datafield>
  <datafield tag="942" ind1=" " ind2=" ">
    <subfield code="c">LB</subfield>
  </datafield>
</record>
